000 00662nam a22001697a 4500
003 UA-OsUOA
001 17053
007 ta
008 20040209b un ||||| |||| 00| 0 ukr d
942 _cSA
040 _aUA-OsUOA
_cUA-OsUOA
_dUA-OsUOA
245 _aНизький уклін нашим визволителям : 2 лют. виповнюється 60 р. з дня визволення Рівного від нім.-фашист. загарбників:[Про визволення обл. та м.Рівного]
300 _aС.1,3
955 _a0
773 0 _w0
_tРівненський діалог
_dРівне
_d2004
_g№5
650 7 _aІсторія
_2UDC
999 _c303221
_d303221